000 00613nam a2200193Ia 4500
008 120906t2004 xxu||||| |||| 00| 0 sin d
041 _asin
080 _a8-31 (eng)
_bART
100 _aArthur,Robert
245 _aකතා කරන හිස් කබලේ අබිරහස
246 _aKatha Karana His Kabale Abirahasa
260 _aSarasawi Publishers
_aNugegoda
_c2004
300 _b152p, 18 cm
500 _aSinhalese Translation Of robert Arthur's of The Mystery of The Talking Skull
700 _aRajendra,J.N
_etr.
942 _cBK
999 _c40803
_d40803
003 LK-CoDNM
040 _aLK-CoDNM
_dLK-CoDNM
_eLK-CoDNM